Laboratorio de telecomunicaciones, modulación digital.

Bewaard in:
Bibliografische gegevens
Hoofdauteur: Sáenz Gómez, Rodrigo Antonio
Formaat: Boek
Gepubliceerd in: San José, Costa Rica 1988
Onderwerpen:
Tags: Voeg label toe
Geen labels, Wees de eerste die dit record labelt!

MARC

LEADER 00000nam a2200000Ia 4500
003 004547
005 20221231144345.0
008 140114s1988 cr a m 000 ||s d
040 |c cru CEDI 
090 |a TFG 2083 
100 |a Sáenz Gómez, Rodrigo Antonio  |9 13648 
245 |a Laboratorio de telecomunicaciones, modulación digital. 
260 |c 1988  |a San José, Costa Rica 
300 |a  San José, C.R. : [editor no identificado], 1988.  
500 |a  Proyecto de graduación (bachillerato en ingeniería eléctrica)--Universidad de Costa Rica. Facultad de Ingeniería. Escuela de Ingeniería Eléctrica 
650 |x ELECTRONICA DIGITAL   |x MODULACION DE IMPULSOS POR CODIGO   |x SISTEMAS DE TRANSMISION DE DATOS  |9 6923 
942 |c TFG 
999 |c 20658  |d 20658